Magnetism in Crystalline Materials /

Gespeichert in:
Bibliographische Detailangaben
1. Verfasser: Cracknell, A.P (Verfasst von)
Format: Buch
Sprache:Englisch
Veröffentlicht: Oxford : Pergamon Press, 1975
Tags: Tag hinzufügen
Keine Tags, Fügen Sie das erste Tag hinzu!

MARC

LEADER 00000nam a22000003a 4500
001 stu35215
005 20150617225731.4
008 920413s1975----uk------------------eng-d
040 |a STU  |b slo 
041 0 |a eng 
044 |a uk 
100 1 |a Cracknell, A.P  |4 aut 
245 1 |a Magnetism in Crystalline Materials /  |c [aut.]A.P. Cracknell 
260 |a Oxford :  |b Pergamon Press,  |c 1975 
300 |a 276 s 
996 |b M 21127  |c M*6756-1  |l MMKN  |s A  |a 24  |w stu35215_0001